00764nam a2200157 a 450000100100000000500170001000800410002704000250006808200160009310000370010924501630014626000850030930000200039495201750041499900170058900003133120200930062845.0110620s1948 dr 000 0 spa d aDO-SdBNPbspacBNPHU axxxxbP438n1 aPérez Sánchez, Eliseo95777710aNuevo capítulo para la historia eclesiástica de la Arquidiocesis de Santo Domingo. :b(un siglo de seminario) 1848-1948 /cmons. Eliseo Pérez Sánchez. aSanto Domingo :bImprenta San Francisco de Papelera Industria Dominicana,c1948. a25 p. ;c22 cm. 0010718PDaPDbPDcCTd2011-06-20iLF1l0oxxxx P438np31331-10r2020-06-25w2020-06-25yLFPDzPerteneció a la biblioteca personal de Julio Ortega FrierZNo se presta c30823d30823